| 000 | 00601cam a2200217 4500 | ||
|---|---|---|---|
| 001 | B1449 | ||
| 008 | 090401t1988 xxu||||| |||| 00| 0 eng d | ||
| 035 | _a(Sirsi) u44458 | ||
| 041 | _aeng | ||
| 050 | _a690.12 | ||
| 100 | _aPountney, M.T. | ||
| 245 | _aRain penetration of cavity walls : report of a survey of properties in England and Wales | ||
| 260 |
_aGarston,Watford _bBuilding Research Establishment _c1988 |
||
| 300 | _a(4)p. ; 30cm. | ||
| 350 | _a0 | ||
| 490 |
_aBRE Information Paper _v2/88 |
||
| 700 | _aMaxwell, R. | ||
| 700 | _aButler, A.J. | ||
| 942 | _n0 | ||
| 948 | _c04/03/1997 | ||
| 999 |
_c91537 _d91537 |
||